00492nam a22001691a 4500020000900000040002600009050002100035100002700056245005300083260004500136300001200181500006100193600003200254600003000286852000300316852000300319 c0.00 aNEGST Library - Kenya aBS 325.K395 1968 aBible Society of Kenya aArorutiet ne leel ne bo : kiptaiyandennyh[Text] aNairobibThe Bible Society of kencc1968 a579 p.; a"The New Testament in Kalenjin" - T.P. verso. [Africana] aBible N.T. - Kalenjin, 1968 aKalenjin language - Texts